| 000 | 01268nab a22002297a 4500 | ||
|---|---|---|---|
| 999 |
_c6235 _d6235 |
||
| 003 | OSt | ||
| 005 | 20260126042924.0 | ||
| 008 | 190514b xxu||||| |||| 00| 0 spa d | ||
| 040 | _cPJ | ||
| 100 |
_96954 _aFortbetil, Eliana |
||
| 245 | 1 | 0 |
_aDesvinculaciones constructivas en contextos de violencia familiar : _chorizontes posibles desde una perspectiva de género e infancia / _bEliana Fortbetil. |
| 300 | _ap. 177-185 | ||
| 500 | _aCita: TR LALEY AR/DOC/2668/2024. | ||
| 505 | _aSumario: I. Introducción.— II. El conflicto familiar planteado.— III. Perspectiva de género e infancias: un cruce insoslayable.— IV. Hacia una escucha sociojurídica.— V. La sentencia como arte: oficiosidad y creatividad.— VI. Breves palabras de cierre. | ||
| 505 | _tFallo comentado: JFamilia, Niñez y Adolescencia N° 1 de Goya ~ 05/04/2024 ~ P., M. E. c. Z., R. R. s/ derecho de comunicación (art. 652). | ||
| 650 | 0 |
_9967 _aDERECHO DE FAMILIA |
|
| 650 | 0 |
_91134 _aVIOLENCIA FAMILIAR |
|
| 650 | 0 |
_94044 _aPERSPECTIVA DE GÉNERO |
|
| 650 | 0 |
_91057 _aJURISPRUDENCIA APLICABLE |
|
| 773 | 0 |
_02844 _93222 _dBuenos Aires : AbeledoPerrot, 1989- _tDerecho de familia. Revista Interdisciplinaria de doctrina y jurisprudencia. Diciembre 2024-VI. _z18511201 |
|
| 942 |
_2udc _cANA |
||